000 00364nam a22001217a 4500
999 _c2751
_d2751
005 20200923155934.0
008 200923b ||||| |||| 00| 0 eng d
020 _a0716600935
040 _cCML
245 _aThe World Book Encyclopedia: B
_cWorld Book, Inc
260 _aChicago
_bWorld Book, Inc
_c1993
942 _2ddc
_cBK
_eVol.2
_h030
_kGEN REF
_mWOR